[Event "Wijk aan Zee"]
[Site "Wijk"]
[Date "1999.??.??"]
[Round "?"]
[White "Kasparov, Garry"]
[Black "Topalov, Veselin"]
[Result "1-0"]
[WhiteElo "2812"]
[BlackElo "2700"]
[Annotator "Ubilava, E"]
[PlyCount "87"]
[EventDate "1999.??.??"]
[EventType "game"]
[EventCountry "NED"]
[Source "EDAMI"]
[SourceDate "2006.12.20"]

{Creo que es una de las partidas más espectaculares, en lo referente al
cálculo de variantes, que he visto ultimamente. El concepto de Topalov se basa
en una lucha sin cuartel en cada partida, no importa el rival con quien se
enfrenta, lo que abre posibilidades para ambas partes. En el medio juego,
Kasparov empieza una combinación con múltiples sacrificios y obliga al rey de
su contricante a buscar refugio muy lejos de su campamento, en la casilla d1!
Pero el cálculo de las blancas llegó incluso hasta aquí y en sus análisis
previos descubrió la jugada decisiva Bf1! Encontrar esa jugada fue importante
para realizar la combinación , porque si no, las negras quedarían con la
ventaja material e incluso podrían ganar la partida.} 1. e4 d6 2. d4 Nf6 {
Topalov busca sus opciones desde el principio y está dispuesto a poner todo el
peso de la partida en el medio juego.} 3. Nc3 g6 4. Be3 Bg7 5. Qd2 c6 6. f3 b5
7. Nge2 Nbd7 8. Bh6 Bxh6 9. Qxh6 Bb7 10. a3 $146 {Las blancas preparan el
enroque largo y el posterior avance de sus peones en el flanco del rey.} ({
También es posible jugar} 10. Nc1) 10... e5 11. O-O-O Qe7 12. Kb1 a6 ({
Segín Garry no vale} 12... a5 $6 {por} 13. Nc1 b4 14. dxe5 $1 dxe5 15. Na4 bxa3
16. b3 {y las negras están derrotadas posicionalmente.}) 13. Nc1 O-O-O 14. Nb3
exd4 {
El plan de las negras consiste en preparar la ruptura d5 y liberar sus piezas.}
15. Rxd4 c5 16. Rd1 Nb6 $1 17. g3 $1 ({Parece más natural la jugada} 17. Na5 {
pero las negras consiguen igualar la partida después de} d5 18. Nxb7 Kxb7 19.
exd5 Nbxd5 20. Nxd5 Nxd5 21. Bd3 f5 22. Rhe1 Qc7 23. Bf1 c4) 17... Kb8 ({
En caso de} 17... d5 {la respuesta} 18. Qf4 $1 {parece más adecuada que} (18.
Bh3+ Kb8 19. e5 Nfd7 20. Bxd7 d4 21. Qf4 g5 22. Qf5 Nxd7 23. Ne4 Qxe5) 18... d4
19. Bh3+ Nfd7 20. Nd5 Bxd5 21. exd5 Nxd5 22. Qe4 Qxe4 23. fxe4 Ne3 24. Nxc5 $1
f5 25. Ne6 Nxd1 26. Rxd1 {y las blancas tienen más que suficiente compensación.
}) 18. Na5 Ba8 19. Bh3 d5 20. Qf4+ Ka7 21. Rhe1 {Las blancas movilizan todas
sus unidades para estar listas cara a la próxima apertura de la posición.} d4
22. Nd5 $1 Nbxd5 23. exd5 Qd6 {Diagrama.} 24. Rxd4 $3 cxd4 $2 ({
Ofrezco las conclusiones de Kasparov en esta posición clave:} 24... Bxd5 $6 25.
Rxd5 $1 Nxd5 26. Qxf7+ Nc7 27. Re6 Rd7 28. Rxd6 Rxf7 29. Nc6+ Ka8 30. f4 $14) (
24... Kb6 $1 25. Nb3 $1 (25. Qd2 $2 Nxd5 $1 26. Rd3 c4 27. b4 Ka7 $17) (25. b4
$6 Qxf4 (25... Nxd5 26. Qxd6+ Rxd6 27. bxc5+ (27. Rd3 $2 c4) 27... Kxc5 28.
Nb3+ Kb6 29. Kb2 Rhd8 30. Red1 Bc6 31. f4 Kc7 $11) 26. Rxf4 Nxd5 27. Rxf7 cxb4
28. axb4 Nxb4 29. Nb3 Rd6 $15) 25... Bxd5 $1 (25... cxd4 $2 26. Qxd4+ Kc7 27.
Qa7+ Bb7 28. Nc5 Rb8 29. Re7+ $18) (25... Nxd5 $2 26. Qxf7 Rhf8 27. Qg7 Rg8 28.
Qh6 Qf8 29. Rh4 $16) 26. Qxd6+ Rxd6 27. Rd2 Rhd8 28. Red1 $11) 25. Re7+ $1 ({
Por supuesto no vale} 25. Qxd4+ {por} Qb6 26. Re7+ Nd7) 25... Kb6 ({Pierde} 
25... Qxe7 26. Qxd4+ Kb8 27. Qb6+ Bb7 28. Nc6+ Ka8 29. Qa7#) ({En caso de} 
25... Kb8 {parece suficiente} 26. Qxd4 Nd7 27. Bxd7 Bxd5 28. Qe3 Rxd7 29. Rxd7
Qxd7 30. Qe5+ Ka7 31. Qd4+ Kb8 32. Qxh8+) 26. Qxd4+ Kxa5 ({
Una bonita sugerencia de Kasparov acaba con la variante de} 26... Qc5 27. Qxf6+
Qd6 28. Be6 $3 Bxd5 (28... Rhe8 29. b4 {ganando.}) 29. b4 $1 Ba8 (29... Bc6 30.
Qxf7 Rb8 31. Nxc6) 30. Qxf7 Qd1+ 31. Kb2 Qxf3 32. Bf5 {y el mate es inevitable.
}) 27. b4+ Ka4 28. Qc3 Qxd5 {si} (28... Bxd5 {gana la simple} 29. Kb2 {
con la amenaza Qb3 mate.}) 29. Ra7 Bb7 ({Pierde} 29... Rd6 {por} 30. Kb2) 30.
Rxb7 Qc4 ({En caso de} 30... Rhe8 31. Rb6 Ra8 32. Rxf6 {
las blancas mantienen la iniciativa.}) 31. Qxf6 Kxa3 ({La mejor defensa era} 
31... Rd1+ $1 32. Kb2 Ra8 {
aunque las blancas mantienen ventaja decisiva en la variante:} 33. Qb6 $1 Qd4+
(33... a5 34. Bd7 $18) 34. Qxd4 Rxd4 35. Rxf7 (35. Bd7 $5 Rd2 36. Bc6 f5 37.
Rb6 Ra7 38. Be8 Rd4 39. f4 Rc4 40. Bf7 Rxb4+ 41. axb4 Rxf7 42. c3 Ra7 43. Re6
$18) 35... a5 36. Be6 axb4 37. Bb3+ Ka5 38. axb4+ Kb6 (38... Rxb4 39. c3 $18)
39. Rxh7 Rc8 40. h4) 32. Qxa6+ Kxb4 33. c3+ $1 Kxc3 34. Qa1+ Kd2 ({
También pierde} 34... Kb4 35. Qb2+ Ka5 36. Qa3+ Qa4 37. Ra7+) 35. Qb2+ Kd1 {
Diagrama.} 36. Bf1 $1 {Esta es la jugada que finaliza una partida espectacular
y que estaba prevista por parte de las blancas, mucho antes de su ejecución.}
Rd2 37. Rd7 Rxd7 38. Bxc4 bxc4 39. Qxh8 Rd3 40. Qa8 c3 41. Qa4+ Ke1 42. f4 f5
43. Kc1 Rd2 44. Qa7 1-0

[Event "Essen"]
[Site "Essen"]
[Date "2002.05.17"]
[Round "2"]
[White "Leko, Peter"]
[Black "Kortschnoj, Viktor"]
[Result "1-0"]
[WhiteElo "2707"]
[BlackElo "2635"]
[Annotator "Leko, P"]
[PlyCount "119"]
[EventDate "2001.10.01"]
[EventType "game"]
[EventCountry "GER"]
[Source "EDAMI"]
[SourceDate "2006.12.20"]

1. e4 e6 2. d4 d5 3. Nc3 Nf6 4. Bg5 Bb4 {Korchnoi juega esta línea
regularmente, pero después de mi convincente victoria contra Hübner en
Dortmund 2000 no esperaba que nadie me repitiese esta variante de nuevo.} 5. e5
h6 6. Bd2 Bxc3 7. bxc3 Ne4 8. Qg4 Kf8 9. Bd3 Nxd2 10. Kxd2 c5 {A estas alturas
comencé a plantearme si debía repetir mi partida ya mencionada, donde jugué la
posicional 11.Nf3, o apartarme de ella. Finalmente, respiré profundamente y me
lancé a...} 11. h4 {pensando: !Que pase lo que sea!} c4 12. Bf1 $5 {Yo intentab
a salirme de la teoría lo antes posible y tras breve meditación conseguí
encontrar un plan consistente. La idea es muy simple: Llevar el N a f4 vía e2
y en el momento oportuno activar la R en h3 para estar preparado para Rg3 o
posiblemente, como en la partida, Rf3 atacando los puntos débiles f7 y g7.
Todo esto es muy bonito, pero tenía mis dudas sobre si podía funcionar, pues
las negras tienen mucho tiempo para organizar su contrajuego.} Nc6 13. Ne2 b5
14. Rh3 a5 15. a3 Bd7 16. Nf4 {#} Rg8 $6 {De algún modo, esto no da la
impresión de ser bueno. Durante la partida presté mucha más atención a la
aguda} (16... b4 $6 {como Korchnoi jugó al cabo de unos pocos días, pero aquí
hay una idea oculta que probablemente él paso por alto:} 17. Rf3 $1 bxc3+ 18.
Kd1 $1 {!Esta es la clave!} h5 (18... Nxd4 $2 {pierde tras} 19. Nh5 $1) 19.
Nxh5 Rg8 20. Ke1 $1 Qb6 21. Rd1 Ne7 22. Qf4 Nf5 23. g4 Nh6 24. Nf6 $1 {
y las blancas tienen ventaja decisiva, partida Lutz-Korchnoi Essen 2002}) ({
Puede parecer raro, pero la jugada correcta debe ser la tranquila} 16... Ne7 $1
{defendiendo el rey, aunque al mismo tiempo perdiendo mucho potencial en el
flanco de dama.}) 17. Rf3 $1 {Es muy importante molestar la coordinación en el
campo negro para alcanzar los objetivos.} Ke7 18. Nh5 b4 {# Finalmente las
negras rompen en el flanco de dama, pero parece que lo han logrado justamente
una jugada tarde.  *Diagram!!} 19. Qf4 $1 {
Mantener el flanco de dama cerrado es naturalmente el camino correcto.} bxc3+
20. Ke1 Be8 21. Rxc3 (21. Rg3 $5 {era una seria posibilidad, pero solo me
quedaban 20 minutos en este momento y no quería profundizar demasiado en los
cálculos de la siguiente línea} Qb6 22. Rd1 Qb2 23. Nxg7 Qxc2 {
con complicaciones salvajes.}) 21... a4 $6 {Absolutamente inespeado.} (21...
Qb6 {parecía más crítica} 22. Rd1 Qb2 23. Rg3 Qxc2 24. Nxg7 {
parece bueno para las blancas, pero} Rb8 $5 {
con la idea de jugar Rb1 a toda costa, es una seria opción.}) 22. Rg3 $1 Qa5+
23. c3 {Ahora las blancas están claramente mejor, ya que las negras carecen de
contrajuego real.} Rb8 24. Be2 $1 {!El alfil regresa a la partida!} (24. Nxg7
$2 Rxg7 25. Qf6+ Kd7 26. Qxg7 Nxd4) 24... Rb3 25. Qd2 g6 {
Una triste elección, pero no había otra cosa.} 26. Nf6 Rh8 27. Bd1 Rb7 ({
Creo que buena o mala, la unica posibilidad práctica para las negras, era
entregar lacalidadcon} 27... Qb5 $5) 28. Bc2 Kd8 29. Rb1 Rxb1+ ({
Nuevamente me preocupaba más} 29... Rb3 $5) 30. Bxb1 Kc7 31. Bc2 Qb5 32. Rf3 {
Continuando la total dominación.} ({
Existía la posibilidad de ganar material con} 32. Nxe8+ Rxe8 33. Qxh6 {
pero tras} Qb2 34. Bxa4 Ra8 {las negras consiguen posibilidades}) 32... Nd8 33.
Qc1 h5 34. Kd2 Nb7 35. Qb1 Na5 {#} 36. Nxe8+ {Generalmente las blancas no
deben cambiar el fuerte N por el mal B, pero ví una forma forzada de conseguir
una ventaja decisiva.} Qxe8 37. Qb4 (37. Bxa4 $2 {parece atractiva, para
terminar la partida elegantemente, pero frente a un luchador como Korchnoi es
mejor no darle ninguna posibilidad de lucha.} Qxa4 38. Rxf7+ Kc6 39. Qxg6 Re8
$1 {y las negras se sostienen.}) 37... Nb3+ 38. Ke3 Qd7 39. Qd6+ $1 {
Liquidando hacia un final tecnicamente ganado.} Qxd6 40. exd6+ Kxd6 41. Rxf7 {
El N negro está fuera de juego y las debilidades del flanco de rey caerán
tarde o temprano.} Ra8 42. Rg7 Rb8 {Naturalmente las blancas tienen muchas
continuaciones ganadoras, pero mi idea era no darle ninguna posibilidad a mi
rival.} 43. Ra7 Rg8 44. g3 {
Las negras están básicamente en "zugzwang" así que no hay porqué apresurarse.}
Kc6 45. Rxa4 Na1 46. Bd1 g5 47. hxg5 Rxg5 48. Ra6+ Kd7 49. Ra7+ Kd6 50. Rh7 e5
51. Rh6+ Kc7 52. Rxh5 {Creo que eI resto no necesita ningún comentario.} exd4+
53. Kxd4 Nb3+ (53... Nc2+ 54. Kc5) 54. Ke3 Rg6 55. Rxd5 Re6+ 56. Kf4 Ra6 57. g4
Kc6 58. Bf3 Nc5 59. Rd4+ Kb5 60. Bd5 {
y finalmente las negras abandonaron y dejaron la sala de juego inmediatamente.}
1-0

[Event "World Cup FIDE"]
[Site "Erevan"]
[Date "2001.10.14"]
[Round "3"]
[White "Kasimdzhanov, Rustam"]
[Black "Ivanchuk, Vassily"]
[Result "0-1"]
[WhiteElo "2706"]
[BlackElo "2731"]
[Annotator "Ubilava, E"]
[PlyCount "68"]
[EventDate "2001.10.12"]
[EventType "team"]
[Source "EDAMI"]
[SourceDate "2006.12.20"]

{Para comentar esta partida, quería mostrar sólo la fase de la apertura,
porque el resto no tiene mucha importancia, pero al final decidí dejar toda la
partida, para mostrar la facilidad con la que realizan las negras su ventaja.
En la apertura, las blancas siguen una vieja recomendación de Yudasin,
aparentemente sin ninguna comprobación previa, contra la cual las negras
responden con una jugada natural, y prácticamente la lucha verdadera termina
aquí. Este tipo de derrotas deben ser muy dolorosas, sobre todo para un
jugador joven como Kasimdzhanov. Simplemente he puesto este ejemplo como una
advertencia a los jugadores jóvenes: No se puede utilizar ninguna
recomendación sin una previa comprobación exhaustiva.} 1. d4 Nf6 2. c4 e6 3. g3
c5 4. Nf3 cxd4 5. Nxd4 Qc7 6. Nd2 Bc5 7. N2b3 Be7 8. Bf4 $4 {Después de esta
partida, todos sabrán que es un grave error. Las blancas tienen otra vía mucho
más segura para luchar por conseguir la ventaja:} (8. Qd3 {
preparando el fianchetto.}) 8... e5 9. Nb5 Qc6 10. Bxe5 Qxh1 11. Nc7+ Kd8 12.
Nxa8 {#} Bb4+ {Yudasin en sus análisis sólo menciona la jugada} (12... Na6 {
y lógicamente si miramos la posición sólo después de esa respuesta, las
blancas tendrían buenas perspectivas. Pero la jugada, mucho más natural, que
introduce Ivanchuk cambia todo, y las blancas quedan completamente arruinadas,
así que había que investigar esa recomendación con mucha atención para no
meter la pata.}) 13. Nd2 Ne4 14. Bc3 Bxc3 15. bxc3 Re8 {El caballo blanco se
quedó en a8, y debe ser sacrificado irremediablemente a corto plazo, lo que
proporciona la ventaja decisiva a las negras.} 16. Nxe4 Qxe4 17. Qb3 Na6 {
Preparando 18...b6.} 18. O-O-O b6 19. Nxb6 axb6 20. Qxb6+ Nc7 {Aunque formalmen
te las blancas tienen tres peones por el caballo, su estructura rota no les
permite resistir seriamente.} 21. e3 Qf3 22. Qb2 Re6 {La torre no solo
defiende la casilla b6, preparando así el traslado del caballo negro a c5,
sino también se coloca en una posición más activa.} 23. Bd3 Na6 24. c5 Nxc5 25.
Bc4 Rf6 26. Qb4 d6 {Ahora eso es más que suficiente. En caso de 27.Qb6+ el rey
negro se refugia en e7.} 27. Rd2 Qh1+ 28. Rd1 Qc6 29. Bd5 Qa6 30. Bc4 Qa7 31.
f4 Kc7 32. Rd4 Bb7 33. g4 Rh6 34. Qb2 Rh3 0-1

[Event "World Cup FIDE"]
[Site "Erevan"]
[Date "2001.10.15"]
[Round "4"]
[White "Akopian, Vladimir"]
[Black "Svidler, Peter"]
[Result "1-0"]
[WhiteElo "2660"]
[BlackElo "2686"]
[Annotator "Akopian, Vladimir"]
[PlyCount "57"]
[EventDate "2001.10.12"]
[EventType "team"]
[Source "EDAMI"]
[SourceDate "2006.12.20"]

1. Nf3 Nf6 2. c4 e6 3. g3 a6 {Un esquema bastante interesante, donde no es
fácil para las blancas conseguir ventaja.} 4. Bg2 b5 5. b3 c5 6. O-O Bb7 7. Nc3
Qa5 ({Más natural parece} 7... Qb6 {
luego, en la partida Akopian-Chiburdanidze, Lucerna 1997, se continuó} 8. e3
Be7 9. Qe2 Ne4 10. Nxe4 Bxe4 11. Bb2 O-O 12. d3 Bb7 {con un juego equilibrado.}
) 8. e3 Be7 9. Qe2 bxc4 ({Las blancas tienen ventaja tras} 9... O-O 10. cxb5
axb5 11. Qxb5 Qxb5 12. Nxb5 Ba6 13. Nc7 Bxf1 14. Nxa8 Bxg2 15. Kxg2 Bd8 16. d4
$1 {, pero era posible jugar 9...b4 para no abrir de inmediato la columna "b"
para la torre blanca.}) 10. bxc4 O-O 11. Rb1 Bc6 $2 {Pero esto es un error
considerable, tras el cual las negras tienen dificultades para completar su
desarrollo.} ({En lugar de esa jugada, había que jugar} 11... Ra7 {
con una partida aceptable.}) 12. e4 d6 13. Rb3 $1 {Preparando el avance d4.}
Ra7 $2 {Esto resulta irrelevante.} ({Era necesario} 13... e5 {y, aunque tras}
14. Nh4 {las blancas tienen una ventaja evidente, las negras tienen
posibilidades de defenderse.}) 14. d4 cxd4 15. Nxd4 Ba8 16. Be3 Rb7 {
# Ahora ya es imposible indicar una defensa satisfactoria, por ejemplo:} (16...
Qc7 17. Ndb5) (16... Rc7 17. Nxe6 fxe6 18. Bb6) ({
Comparativamente lo mejor, era} 16... Rd7 17. Rfb1 Qc7 (17... Rdd8 18. Nxe6
fxe6 19. Bb6 Qe5 20. f4) 18. e5 dxe5 19. Nxe6 fxe6 20. Bxa8 {
aunque tampoco aquí las negras pueden resistir por mucho tiempo.}) 17. e5 $1
Rxb3 18. exf6 Bxg2 ({Pierde inmediatamente} 18... Bxf6 19. Nxb3 Qxc3 20. Bxa8)
19. Nxb3 $1 Bxf1 20. Qg4 $1 {
Esta importante jugada intermedia termina prácticamente la lucha.} Bxf6 21.
Nxa5 Bxc3 22. Kxf1 ({Mas fuerte que} 22. Bd4 Bxd4 23. Qxd4 Be2 $1 24. Qxd6 ({o
} 24. Kg2 d5) 24... Bf3 {con algunas esperanzas.}) 22... Bxa5 23. Qd4 Rd8 24.
Qa7 {El resto ya es simple.} h6 25. Bb6 Bxb6 26. Qxb6 Rc8 27. Qxd6 Kh7 28. c5
Kg6 29. c6 {Las negras abandonan, ya que pierden su caballo.} 1-0

[Event "World Cup FIDE"]
[Site "Erevan"]
[Date "2001.10.19"]
[Round "8.2"]
[White "Ponomariov, Ruslan"]
[Black "Vaganian, Rafael A"]
[Result "1-0"]
[WhiteElo "2684"]
[BlackElo "2650"]
[Annotator "Ubilava, E"]
[PlyCount "113"]
[EventDate "2001.10.12"]
[EventType "team"]
[Source "EDAMI"]
[SourceDate "2006.12.20"]

1. e4 e6 2. d4 d5 3. Nc3 Bb4 4. e5 c5 5. a3 Ba5 6. b4 cxd4 7. Nb5 Bc7 8. f4 Bd7
9. Nxc7+ Qxc7 10. Bd3 a6 11. Nf3 Nh6 12. Bb2 Ba4 13. Bxd4 Bb5 14. O-O Nf5 15.
Bf2 h5 16. Ng5 Bxd3 17. cxd3 Nc6 18. Rc1 Qd8 19. Re1 Rc8 20. Bc5 Ncd4 21. h3 b6
22. Bxd4 Nxd4 23. Rxc8 Qxc8 {Veamos primero, como consigue ventaja la joven
promesa ucraniana, y después la tenacidad con la que realiza su ventaja.} 24.
Qa1 $1 {las blancas no pueden jugar} (24. Qd2 {y 25.Rc1 con el mismo propósito,
porque las negras simplemente tomarían la torre y después ganan con el jaque
en e2.}) 24... Nf5 25. Rc1 Qd7 26. Qc3 {
'El dominio sobre la columna "c" garantiza ventaja a Ponomariov.'} O-O 27. Qc6
Qd8 28. Qb7 Nd4 29. Kf2 $5 ({
El gran maestro ucraniano también podía mantener su ventaja después de} 29. Rc7
Ne2+ 30. Kh2 Nxf4 31. h4 ({pero no} 31. Nxf7 Rxf7 32. Rxf7 Qg5 {
con mas que suficiente contrajuego.}) 31... Qb8 32. Rxf7 Qxb7 33. Rxb7 Nxd3 34.
Nxe6 Rf5 35. Rxb6 Rxe5 36. Rxa6) 29... Qb8 {
'Vaganian no tiene más remedio que entrar en este final inferior..'} 30. Rc7
Qxb7 31. Rxb7 b5 32. Ra7 h4 ({Otra opción era} 32... f6 33. exf6 Rxf6 34. Ke3
Nc2+ 35. Kd2 Nd4 {pero las blancas deben ganar después de} 36. Rxa6 Rxf4 37.
Nxe6 Nxe6 38. Rxe6) 33. Ke3 Nf5+ 34. Kf3 g6 {'?!'} ({Parece más interesante} 
34... Nd4+ 35. Kg4 f6 {y ahora la mejor respuesta a mi juicio es} 36. exf6 ({
en caso de} 36. Nf3 Nxf3 37. gxf3 fxe5 38. fxe5 g5 39. Rxa6 Rf4+ 40. Kxg5 Rxf3
41. Rxe6 Rxh3 {las negras tienen posibilidades de empatar el encuentro.}) 36...
gxf6 37. Nf3 Nxf3 38. gxf3 Rc8 (38... Rf7 39. Rxa6 Rg7+ 40. Kxh4) 39. Kh5 {
y las blancas deben ganar.}) 35. Kg4 Ne3+ 36. Kxh4 Nxg2+ 37. Kg3 Ne1 38. Rxa6
Nxd3 39. Ra7 Rc8 {'?' 'Finalmente las negras no aguantan una defensa tan
pasiva y eligen "morir como los hombres". Sin embargo después de:'} (39... d4 {
aún quedaba un camino rebuscado por recorrer} 40. Rd7 Ra8 41. Nxf7 Rxa3 42. Kg4
Nf2+ 43. Kg5 Nxh3+ 44. Kf6 Ra8 (44... Nxf4 45. Rd8+ Kh7 46. Rh8#) 45. Nh6+ Kh8
46. f5 $3 gxf5 47. Rxd4 Nf2 48. Rh4 Ne4+ 49. Kg6 {ganando.}) ({tampoco ayuda} 
39... Nc1 40. Kg4 d4 41. Rc7 Ne2 42. Rd7 {y las negras están en zugzvang.}) 40.
Nxf7 Rc4 41. Nh6+ Kh8 42. Rf7 g5 ({La jugada} 42... Rc3 {
también requiere un trabajo laborioso:} 43. Kg4 Nf2+ 44. Kg5 Nxh3+ 45. Kxg6
Rg3+ 46. Kh5 d4 47. Kh4 Rxa3 48. f5 Nf4 49. Kg5 {
y la victoria no anda muy lejos.}) 43. fxg5 Nxe5 44. Rf6 Kg7 45. Rxe6 Rc3+ 46.
Kf4 Ng6+ 47. Kf5 Rf3+ 48. Kg4 Rxa3 49. Nf5+ Kh7 50. h4 {
'La marcha del peón "h" decide rápido.'} Rb3 51. h5 Rxb4+ 52. Kg3 Rb3+ 53. Kf2
Rb2+ 54. Ke1 Nf8 55. Rf6 Rg2 56. Rf7+ Kg8 57. Nh6+ 1-0